Attack on Titan - Los Nueve Titanes - Estadísticas

Estadísticas generales
  • Esta prueba ha sido intentada 80 veces
  • La puntuación promedio es 8 de 9
Estadísticas de respuestas
Imagen Respuesta % Correcto
Titán Colosal
100%
Titán Bestia
96%
Titán de Ataque
96%
Titán Hembra
94%
Titán Acorazado
93%
Titán Martillo de Guerra
91%
Titán Mandíbula
90%
Titán Fundador
84%
Titán Carguero
56%
No se encontraron pruebas coincidentes
Distribución de puntuación
Porcentaje de gente con cada puntuación
Porcentaje por número respondido
Historial de tus puntuaciones
No has intentado esta prueba.